[Event "Plunge op 37th"]
[Site "Plateliai"]
[Date "2017.07.24"]
[Round "8"]
[White "Pluta, Paulius"]
[Black "Martinkus, Rolandas"]
[Result "0-1"]
[WhiteElo "1751"]
[BlackElo "2157"]
[PlyCount "74"]
[EventDate "2017.07.17"]
[EventType "swiss"]
[EventRounds "9"]
[EventCountry "LTU"]
[SourceTitle "EXT 2019"]
[Source "ChessBase"]
[SourceDate "2018.10.10"]
[SourceVersion "1"]
[SourceVersionDate "2018.10.10"]
[SourceQuality "1"]

1. e4 d6 2. d4 Nf6 3. Nc3 e5 4. Nge2 Be7 5. g3 h5 6. h3 Bd7 7. Bg2 Qc8 8. Be3 b5 9. dxe5 dxe5 10. Nd5 Bd8 11. a3 a5 12. Qd2 Ra6 13. Rd1 Nxd5 14. exd5 0-0 15. Kf1 Bf5 16. Kg1 Rg6 17. Kh2 Be7 18. Nc3 b4 19. axb4 Bxb4 20. Qe2 Re8 21. Ne4 Bxe4 22. Bxe4 f5 23. Qxh5 Rf6 24. Bg5 Rf7 25. Bd3 Bd6 26. Ra1 Ref8 27. h4 Nd7 28. Rxa5 e4 29. Bc4 Ne5 30. Qe2 f4 31. Bxf4 Rxf4 32. gxf4 Rxf4 33. Kg2 Nxc4 34. Qxc4 Qg4+ 35. Kf1 Qd1+ 36. Kg2 Rg4+ 37. Kh3 Qf3# 0-1

[Event "Plunge op 37th"]
[Site "Plateliai"]
[Date "2017.07.21"]
[Round "5"]
[White "Pluta, Paulius"]
[Black "Jonkus, Lukas"]
[Result "1/2-1/2"]
[WhiteElo "1751"]
[BlackElo "1873"]
[PlyCount "43"]
[EventDate "2017.07.17"]
[EventType "swiss"]
[EventRounds "9"]
[EventCountry "LTU"]
[SourceTitle "EXT 2019"]
[Source "ChessBase"]
[SourceDate "2018.10.10"]
[SourceVersion "1"]
[SourceVersionDate "2018.10.10"]
[SourceQuality "1"]

1. e4 d5 2. exd5 Qxd5 3. Nf3 Nf6 4. d4 Bg4 5. Be2 e6 6. h3 Bh5 7. c4 Qd8 8. Qb3 Qc8 9. Nc3 c6 10. Bf4 Be7 11. 0-0 0-0 12. Rac1 Rd8 13. Rfd1 Bd6 14. Bg5 Nbd7 15. Qc2 h6 16. Be3 Nf8 17. Ne5 Bxe2 18. Qxe2 Qc7 19. Bf4 Ng6 20. Nxg6 Bxf4 21. Nxf4 Qxf4 22. Qe3 1/2-1/2

[Event "Plunge op 37th"]
[Site "Plateliai"]
[Date "2017.07.20"]
[Round "4"]
[White "Juksta, Karolis"]
[Black "Pluta, Paulius"]
[Result "1/2-1/2"]
[WhiteElo "2090"]
[BlackElo "1751"]
[PlyCount "85"]
[EventDate "2017.07.17"]
[EventType "swiss"]
[EventRounds "9"]
[EventCountry "LTU"]
[SourceTitle "EXT 2019"]
[Source "ChessBase"]
[SourceDate "2018.10.10"]
[SourceVersion "1"]
[SourceVersionDate "2018.10.10"]
[SourceQuality "1"]

1. d4 d5 2. c4 Bf5 3. cxd5 Bxb1 4. Qa4+ c6 5. Rxb1 Qxd5 6. e3 Nd7 7. Ne2 Nb6 8. Qb3 Qxb3 9. axb3 Nf6 10. Nc3 e6 11. Bd3 Nbd5 12. 0-0 Nb4 13. Bc4 0-0-0 14. Rd1 c5 15. h3 Kb8 16. Bd2 cxd4 17. exd4 Be7 18. Bf4+ Ka8 19. Rbc1 a6 20. Be2 Nfd5 21. Be5 Bf6 22. Bf3 Bxe5 23. Nxd5 Nxd5 24. dxe5 Kb8 25. Rc4 Rd7 26. Bxd5 Rxd5 27. Rxd5 exd5 28. Rf4 Rf8 29. Rf5 f6 30. exf6 Rxf6 31. Rxd5 Kc7 32. Kf1 Rb6 33. Rd3 a5 34. Ke2 a4 35. bxa4 Rxb2+ 36. Ke3 Ra2 37. Rd4 Kb6 38. h4 Ra3+ 39. Ke2 Ra2+ 40. Kf3 Ra3+ 41. Ke2 Ra2+ 42. Kf1 Ra1+ 43. Ke2 1/2-1/2

[Event "Plunge op 37th"]
[Site "Plateliai"]
[Date "2017.07.18"]
[Round "2"]
[White "Narmontas, Raimondas"]
[Black "Pluta, Paulius"]
[Result "0-1"]
[WhiteElo "2028"]
[BlackElo "1751"]
[PlyCount "98"]
[EventDate "2017.07.17"]
[EventType "swiss"]
[EventRounds "9"]
[EventCountry "LTU"]
[SourceTitle "EXT 2019"]
[Source "ChessBase"]
[SourceDate "2018.10.10"]
[SourceVersion "1"]
[SourceVersionDate "2018.10.10"]
[SourceQuality "1"]

1. e4 e6 2. d4 d5 3. Nc3 Nf6 4. e5 Nfd7 5. f4 c5 6. Nf3 Nc6 7. Be3 cxd4 8. Nxd4 Bc5 9. Ncb5 Qb6 10. c3 a6 11. b4 axb5 12. bxc5 Qxc5 13. Qd2 Nxd4 14. Bxd4 Qa3 15. Bxb5 0-0 16. 0-0 Nc5 17. Qe3 Ne4 18. Bd3 Qb2 19. Rfb1 Qd2 20. Qxd2 Nxd2 21. Rb5 Ne4 22. Rb6 Rd8 23. a4 Bd7 24. a5 Bc8 25. Rb4 Rf8 26. c4 f6 27. cxd5 fxe5 28. Bxe5 exd5 29. Rb5 Rd8 30. Rc1 Bd7 31. Rxb7 Rxa5 32. Rcc7 Nc5 33. Bf5 Nxb7 34. Bxd7 Nc5 35. Bg4 d4 36. Rxg7+ Kf8 37. h4 Nd3 38. Rxh7 Nxe5 39. fxe5 Rxe5 40. Rh8+ Ke7 41. Rxd8 Kxd8 42. Bf3 d3 43. Kf2 d2 44. Be2 Rd5 45. Bd1 Re5 46. Be2 Ke7 47. h5 Kf6 48. g4 Kg5 49. Kf3 Rd5 0-1